| 000 | 00399 a2200157 4500 | ||
|---|---|---|---|
| 020 | _a8120312260 | ||
| 022 | _a9788120312265 | ||
| 082 | _a332.6327 | ||
| 090 |
_c3176 _d3176 |
||
| 100 | _aFredman,Albert J. | ||
| 245 |
_aHow Mutual Funds Work _cAlbert J.Fredman |
||
| 260 |
_aNew Delhi _bPrentice-Hall of India _c1997 |
||
| 300 | _a334p | ||
| 500 | _aPaper cover | ||
| 942 |
_aNBS _cBK _k332.6327 PRE |
||
| 999 |
_c345664 _d345664 |
||